000 00432nam a2200169 a 4500
005 20140414132114.0
008 110826s19uu xx 00 eng d
020 _a
050 _aER
_bOR1 1999
100 _a
245 _aOrang Utan's playtime.
260 _bSmithsonian Institution,
_c1999.
440 _aLet's go to the zoo
650 _aIdentity
_xFiction.
650 _aMothers and daughters
_xFiction.
999 _c114863
_d114863